Регионална библиотека "Любен Каравелов" - Русе

Царичина - съдбовен контакт (Запис номер 323545)

MARC детайли
000 -Лидер
Контролно поле с фиксирана дължина 01262aam a2200325 a 4500
003 - Код на организацията, давaща контролен номер
Контролно поле BLK
005 - Дата и час на последна редакция
Контролно поле 20240207111949.0
008 - Елементи от данни с фиксирана дължина
fixed length control field 180719b bul||||| |||| 00| 0 bul d
020 ## - Международен стандартен номер на книга ISBN
Международен стандартен номер на книга ISBN 9789544747848
040 ## - Източник на каталожния запис
Идентификатор на билиотеката - собственик на записа BLK
041 ## - Код за език
Код за езика на текст/звукозапис или на отделно заглавие Български
Код за езика КДБФ Български
080 ## - УДК
Текстов определител УДК Паметници на културата на историческите периоди. Археологическите паметници. Старини
УДК код - определител по УДК 904
УДК определител (497.2)
УДК - код + определител 904(497.2)
100 ## - Редна дума - Автор
Автор Логинова, Елисавета Георгиева
R(LIN) 290947
Авторска отговорност първи автор
139 ## - Редно поле
Редна дума Логинова, Елисавета Георгиева
Авторски знак Лог - Л 76
245 ## - Сведения за заглавието
Заглавие Царичина - съдбовен контакт
260 ## - Област на издателските данни
Име на издателя, разпространителя и проч. Кибеа
Година на издаване 2018
Място на издаване, разпространение и проч. София
300 ## - Физическа характеристика
Страници 272 с.
Размери/Мащаб 20 см
Съпровождащи материали Прил. със сн.
380 ## - Жанр
Жанр История
650 #7 - Допълнително описание по предмет – тема
9 (RLIN) 147512
Основно описание – тема или топоним Археологически паметници - Тракия
653 #7 - Ключова дума – ненормативна
9 (RLIN) 198556
Ключова дума тракийски светилища
653 #7 - Ключова дума – ненормативна
9 (RLIN) 198553
Ключова дума траки
653 #7 - Ключова дума – ненормативна
9 (RLIN) 181345
Ключова дума археологически паметници
852 ## - Местоположение
Форматна сигнатура Цб 292441
999 ## - СИСТЕМНИ КОНТРОЛНИ НОМЕРА
Koha biblionumber 323545
Koha biblioitemnumber 323545
942 ## - АРТИКУЛИ
Вид на библиотечния материал Книги
Източник на класификационната схема Universal Decimal Classification
Скрит в OPAC Не
Koha issues (borrowed), all copies 24
999 ## - СИСТЕМНИ КОНТРОЛНИ НОМЕРА
Koha biblioitemnumber 323545
999 ## - СИСТЕМНИ КОНТРОЛНИ НОМЕРА
Koha biblioitemnumber 323545
999 ## - СИСТЕМНИ КОНТРОЛНИ НОМЕРА
Koha biblioitemnumber 323545
999 ## - СИСТЕМНИ КОНТРОЛНИ НОМЕРА
Koha biblioitemnumber 323545
944 ## - СЪЗДАВАНЕ И РЕДАКЦИЯ на ЗАПИСА
Служител, извършил регистрацията/редакцията 30576
Статус, дата на статуса Цветомила Тодорова
Наличности
Код за отписване Код за изгубен артикул Източник на класификационната схема Код за повреда Код за отдаване Артикулен № Име на библиотеката - собственик Име на библиотеката, в която се намира в момента Статус (Текущо местоположение) Дата на вписване в системата Местоположение - отдел Цена в лева Инвентарен номер Систематично азбучна сигнатура Баркод Цена в евро Служебен тип на артикула Коз за рестрикции
  Не е изгубен Universal Decimal Classification Не е повреден заемане за дома 678441 Регионална библиотека "Любен Каравелов" Русе Регионална библиотека "Любен Каравелов" Русе Заемна - подръчен фонд 2018-07-18 Заемна - подръчен фонд 11.25 120000822042 П 904(497.2)/Л 76 120000822042 5.75 Книги  
  Не е изгубен Universal Decimal Classification Не е повреден заемане за дома 678442 Регионална библиотека "Любен Каравелов" Русе Регионална библиотека "Любен Каравелов" Русе Заемна - подръчен фонд 2018-07-18 Заемна - подръчен фонд 11.25 120000822059 П 904(497.2)/Л 76 120000822059 5.75 Книги  
  Не е изгубен Universal Decimal Classification Не е повреден ползва се в читалня 686770 Регионална библиотека "Любен Каравелов" Русе Регионална библиотека "Любен Каравелов" Русе Хранилище 2018-12-13 Хранилище 15.00   Цб 292441 120000827499 7.67 Книги без рестрикции
Vip Innovations Ltd, Rousse, Bulgaria 2025